Estadísticas para Países por Imagen de Satélite #4

Haz click aquí para tomar la prueba!

Estadísticas generales

  • Esta prueba ha sido tomada 739 veces
  • La puntuación promedio es 11 de 16

Estadísticas de respuestas

Answer% Correcto
México
99%
Suecia
91%
India
89%
Dinamarca
86%
Corea del Sur
75%
Ciudad del Vaticano
73%
Costa Rica
70%
Taiwán
69%
Papua Nueva Guinea
69%
Estonia
63%
Trinidad y Tobago
63%
Nicaragua
61%
Suiza
53%
Rumania
43%
Azerbaiyán
42%
Bolivia
26%

Distribución de puntuación

Porcentaje por número respondido

Porcentaje de gente con cada puntuación

Historial de tus puntuaciones

No has tomado esta prueba